LEADER 02380nam 2200541 450 001 9910789797503321 005 20230617032733.0 010 $a1-283-19210-1 010 $a9786613192103 010 $a0-567-01842-3 035 $a(CKB)2670000000106839 035 $a(EBL)742848 035 $a(OCoLC)745866165 035 $a(MiAaPQ)EBC5309779 035 $a(Au-PeEL)EBL5309779 035 $a(CaPaEBR)ebr11518743 035 $a(OCoLC)1027195499 035 $a(MiAaPQ)EBC742848 035 $a(Au-PeEL)EBL742848 035 $a(CaONFJC)MIL319210 035 $a(EXLCZ)992670000000106839 100 $a20180315h20032003 uy 0 101 0 $aeng 135 $aur|n|---||||| 181 $2rdacontent 182 $2rdamedia 183 $2rdacarrier 200 14$aThe miracles of Exodus $ea scientist's discovery of the extraordinary natural causes of the biblical stories /$fColin J. Humphreys 205 $a1st ed. 210 1$aLondon, [England] ;$aNew York, [New York] :$cContinuum,$d2003. 210 4$dİ2003 215 $a1 online resource (369 p.) 300 $aDescription based upon print version of record. 311 $a0-8264-6952-3 320 $aIncludes bibliographical references and index. 327 $aCONTENTS; PART 1. SETTING THE SCENE; PART 2. MOSES AND MIDIAN; PART 3. OUT OF EGYPT; PART 4. THE ROAD TO THE RED SEA; PART 5. DISCOVERING MOUNT SINAI; Epilogue; Bibliography; Acknowledgments; Index 330 $aDid the Red Sea really part before the Israelites? Why didnGC?O?t the fire consume the Burning Bush? What was the Manna in the Wilderness? The Miracles of Exodus explores the truth about these and all the other Exodus mysteries, including the precise locations of the Red Sea Crossing and the route of the Exodus of the Israelites from Egypt 3,000 years ago. This investigative tour de force explains the Ten Plagues, the true location of Mount Sinai, the ultimate crossing of the Jordan and much more. Colin Humphreys, a distinguished British scientist, uses physics, astronomy, biology and other scie 606 $aExodus, The 615 0$aExodus, The. 676 $a222.12095 700 $aHumphreys$b C. J$g(Colin J.),$011971 801 0$bMiAaPQ 801 1$bMiAaPQ 801 2$bMiAaPQ 906 $aBOOK 912 $a9910789797503321 996 $aThe miracles of Exodus$93847723 997 $aUNINA LEADER 02483nam0 2200565 i 450 001 VAN0124381 005 20230704103622.811 017 70$2N$a9783319720050 100 $a20191015d2017 |0itac50 ba 101 $aeng 102 $aCH 105 $a|||| ||||| 200 1 $aRisk Theory$fHanspeter Schmidli 210 $aCham$cSpringer$d2017 215 $axii, 242 p.$cill.$d24 cm 410 1$1001VAN0124295$12001 $aSpringer Actuarial$1210 $aCham [etc.]$cSpringer 410 1$1001VAN0124383$12001 $aSpringer Actuarial Lecture notes$1210 $aCham [etc.]$cSpringer 500 1$3VAN0235935$aRisk Theory$91563124 606 $a60J25$xContinuous-time Markov processes on general state spaces [MSC 2020]$3VANC019839$2MF 606 $a91B05$xRisk models (general) [MSC 2020]$3VANC019981$2MF 606 $a60Gxx$xStochastic processes [MSC 2020]$3VANC020000$2MF 606 $a60J10$xMarkov chains (discrete-time Markov processes on discrete state spaces) [MSC 2020]$3VANC020036$2MF 606 $a60F10$xLarge deviations [MSC 2020]$3VANC020796$2MF 606 $a91B16$xUtility theory [MSC 2020]$3VANC022753$2MF 606 $a60Kxx$xSpecial processes [MSC 2020]$3VANC024527$2MF 606 $a60K20$xApplications of Markov renewal processes (reliability, queueing networks, etc.) [MSC 2020]$3VANC031450$2MF 610 $aApproximation$9KW:K 610 $aChange of measure$9KW:K 610 $aCredibility$9KW:K 610 $aLundberg exponent$9KW:K 610 $aMarkov modulated model$9KW:K 610 $aRenewal model$9KW:K 610 $aReserving$9KW:K 610 $aRisk Models$9KW:K 610 $aRisk measures$9KW:K 610 $aRisk theory$9KW:K 610 $aRuin theory$9KW:K 610 $aSubexponential distributions$9KW:K 610 $aUtility theory$9KW:K 620 $aCH$dCham$3VANL001889 700 1$aSchmidli$bHanspeter$3VANV095824$0767652 712 $aSpringer $3VANV108073$4650 801 $aIT$bSOL$c20240614$gRICA 856 4 $uhttp://doi.org/10.1007/978-3-319-72005-0$zE-book ? Accesso al full-text attraverso riconoscimento IP di Ateneo, proxy e/o Shibboleth 899 $aBIBLIOTECA DEL DIPARTIMENTO DI MATEMATICA E FISICA$1IT-CE0120$2VAN08 912 $fN 912 $aVAN0124381 950 $aBIBLIOTECA DEL DIPARTIMENTO DI MATEMATICA E FISICA$d08CONS e-book 0883 $e08eMF883 20191015 996 $aRisk Theory$91563124 997 $aUNICAMPANIA